| 000 -LEADER |
| fixed length control field |
01193nam a22001577a 4500 |
| 008 - FIXED-LENGTH DATA ELEMENTS--GENERAL INFORMATION |
| fixed length control field |
211217b ||||| |||| 00| 0 eng d |
| 100 ## - MAIN ENTRY--PERSONAL NAME |
| Personal name |
Lens, Vicki and Kanelstein, Samantha |
| 245 ## - TITLE STATEMENT |
| Title |
Mapping immigration policy at the southern border: An administrative and judicial analysis |
| 260 ## - PUBLICATION, DISTRIBUTION, ETC. (IMPRINT) |
| Place of publication, distribution, etc |
Administration & Society |
| 300 ## - PHYSICAL DESCRIPTION |
| Extent |
53(6), Jul, 2021: p.817-843 |
| 520 ## - SUMMARY, ETC. |
| Summary, etc |
Presidents are increasingly relying on a mode of governing—presidentialism—that produces radical shifts in public policy through the administrative state, rather than through Congress. Most recently, using the tools of the administrative state rather than legislative action, the Trump Administration has reinterpreted the laws governing asylum, especially as to citizens from Central America seeking refuge from violence and dire poverty. Through a legal analysis of the judiciary’s response to these reforms, this article examines the limits and constraints of presidential administrative power. – Reproduced |
| 650 ## - SUBJECT ADDED ENTRY--TOPICAL TERM |
| Topical term or geographic name as entry element |
Immigration law, Asylum, Presidentialism, Administrative state, Judiciary |
| 9 (RLIN) |
28858 |
| 773 ## - HOST ITEM ENTRY |
| Main entry heading |
Administration & Society |
| 906 ## - LOCAL DATA ELEMENT F, LDF (RLIN) |
| Subject DIP |
IMMIGRATION LAW |
| 942 ## - ADDED ENTRY ELEMENTS (KOHA) |
| Item type |
Articles |